L'économie de l;éducation (Record no. 5553)
[ view plain ]
| 000 -LEADER | |
|---|---|
| fixed length control field | 00513nam a2200181 4500 |
| 008 - FIXED-LENGTH DATA ELEMENTS--GENERAL INFORMATION | |
| fixed length control field | b fr fre u |
| 040 ## - CATALOGING SOURCE | |
| Original cataloging agency | LB-BrCRDP |
| 082 1# - DEWEY DECIMAL CLASSIFICATION NUMBER | |
| Classification number | 370 |
| Item number | PAG. |
| 100 1# - MAIN ENTRY--PERSONAL NAME | |
| Personal name | PAGE, André |
| 245 12 - TITLE STATEMENT | |
| Title | L'économie de l;éducation |
| Statement of responsibility, etc. | André PAGE |
| 260 ## - PUBLICATION, DISTRIBUTION, ETC. | |
| Place of publication, distribution, etc. | Paris |
| Name of publisher, distributor, etc. | Presses universitaires de France |
| 300 ## - PHYSICAL DESCRIPTION | |
| Extent | 172 p. |
| Dimensions | 11*18 cm. |
| 490 0# - SERIES STATEMENT | |
| Series statement | Collection Sup |
| 650 4# - SUBJECT ADDED ENTRY--TOPICAL TERM | |
| Topical term or geographic name entry element | Pédagogie |
| 650 4# - SUBJECT ADDED ENTRY--TOPICAL TERM | |
| Topical term or geographic name entry element | Orthographe Grammaticale |
| 942 ## - ADDED ENTRY ELEMENTS (KOHA) | |
| Koha item type | Books |
| Withdrawn status | Lost status | Source of classification or shelving scheme | Damaged status | Not for loan | Home library | Current library | Shelving location | Date acquired | Source of acquisition | Cost, normal purchase price | Total Checkouts | Full call number | Barcode | Date last seen | Copy number | Price effective from | Koha item type |
|---|---|---|---|---|---|---|---|---|---|---|---|---|---|---|---|---|---|
| Dewey Decimal Classification | مكتبة دار المعلمين و المعلمات - جونية | مكتبة دار المعلمين و المعلمات - جونية | Salle de Lecture | 02/12/2009 | Bibliothèque du CNRDP | 0.00 | 370 PAG. | CRJ3260 | 07/27/2016 | 1 | 07/27/2016 | Books |